108 tác phẩm văn học thế kỷ XX - XXI /

Tallennettuna:
Bibliografiset tiedot
Päätekijä: Đoàn Tử Huyến (Chủ biên)
Muut tekijät: Đan Phượng Đoàn Tử Huyến
Aineistotyyppi: Kirja
Kieli:Vietnamese
Julkaistu: H. : Lao động, 2007.
Aiheet:
Tagit: Lisää tagi
Ei tageja, Lisää ensimmäinen tagi!
Thư viện lưu trữ: Mạng thư viện Đại học Đà Nẵng
LEADER 01059nam a22003131a 4500
001 000039263
003 15558
005 20240909111720.0
008 160412s2007 000
020 |c 16000 
040 |a LNN 
041 0 |a vie 
082 |a 808.8  |b ĐO-H 
100 0 |a Đoàn Tử Huyến  |e Chủ biên 
245 0 |a 108 tác phẩm văn học thế kỷ XX - XXI /  |c Đoàn Tử Huyến. 
246 |a Một trăm lẻ tám tác phẩm văn học thế kỷ XX - XXI 
260 |a H. :  |b Lao động,  |c 2007. 
300 |a 114 tr. ;  |c 20,5 cm. 
653 |a Văn học 
700 |a Đan Phượng  |a Đoàn Tử Huyến 
OWN |a LNN 
902 |a Tham khảo TV 
AVA |a UDN50  |b LNN  |d 808.8 ĐO-H  |e available  |t Error 5001 Not defined in file expand_doc_bib_avail.  |f 3  |g 0  |h N  |i 0 
999 |a From the UDN01 
AVA |a UDN50  |b LNN  |d 808.8 ĐO-H  |e available  |t Error 5001 Not defined in file expand_doc_bib_avail.  |f 3  |g 0  |h N  |i 0 
TYP |a Monograph 
980 |a Mạng thư viện Đại học Đà Nẵng